Statistiques concernant The Walking Dead - Personnage de la Saison 1

Cliquez ici pour prendre le quiz!

Statistiques générales

  • Ce quiz a été pris 1 341 fois
  • Le résultat moyen est 13 sur 24

Statistiques - réponses

Saison 1% Correct
1Rick
99%
8Carl
95%
5Daryl
91%
9Shane
91%
7Lori
89%
13Carol
85%
4Glenn
83%
11Andrea
82%
6Merle
82%
10Dale
72%
2Morgan
69%
14Sophia
61%
20T-Dog
60%
15Ed
48%
12Amy
46%
16Jim
38%
3Duane
33%
18Morales
32%
17Jacqui
31%
19Dr. Jenner
24%
21Guillermo
9%
24Abuela
8%
22Felipe
8%
23Miguel
8%

Distribution des résultats

Percentile par nombre de réponses

% des personnes avec chaque résultat

Votre développement - résultats

Vous n’avez pas pris ce quiz